| 000 | 00850cam a2200241 a 4500 | ||
|---|---|---|---|
| 001 | 000004701 | ||
| 005 | 20200929151503.0 | ||
| 008 | 960823s1997 pr b 001 0 spa | ||
| 020 | _a1563280787 | ||
| 040 |
_aDO-SdBNP _cCU _dDLC |
||
| 082 |
_a862.5 _bR618d |
||
| 100 | 1 |
_aRivas, Ángel de Saavedra, _cduque de, _d1791-1865. _98738 |
|
| 245 | 1 | 0 |
_aDon Álvaro o La fuerza del sino / _cAngel de Saavedra, duque de Rivas ; edición, Juan Bautista Montes Bordajandi. |
| 246 | 3 | 0 | _aDon Alvaro |
| 246 | 3 | 0 | _aFuerzo del sino |
| 260 |
_aSan Juan, Puerto Rico : _bPlaza Mayor, _c1997. |
||
| 300 |
_a170 p. ; _c21 cm. |
||
| 440 | 0 |
_aClásicos comentados ; _v9 _913696 |
|
| 650 | 4 |
_aTeatro español _ySIGLO XVIII _913697 |
|
| 650 | 4 |
_aLiteratura española _ySIGLO XVIII _913698 |
|
| 700 | 1 |
_aBautista, Juan, _eed. _913699 |
|
| 910 | _aCatalogación por copia / LC | ||
| 999 |
_c4507 _d4507 |
||